B30.39 soya bean experement at kabal koh vegetable research station ការពិសោធន៏សណ្តែកសៀងB30-39 នៅស្ថានីយ៏ពិសោធន៏ពូជបន្លែក្បាលកោះ (Record no. 341)

000 -LEADER
fixed length control field 00586nam a22001577a 4500
003 - CONTROL NUMBER IDENTIFIER
control field OSt
005 - DATE AND TIME OF LATEST TRANSACTION
control field 20150913091506.0
008 - FIXED-LENGTH DATA ELEMENTS--GENERAL INFORMATION
fixed length control field 150913b xxu||||| |||| 00| 0 eng d
040 ## - CATALOGING SOURCE
Transcribing agency RUA
082 ## - DEWEY DECIMAL CLASSIFICATION NUMBER
Classification number AGR MEAS 1996 B016 Or.1
100 ## - MAIN ENTRY--PERSONAL NAME
9 (RLIN) 360
Personal name MEAS PEOV
245 ## - TITLE STATEMENT
Title B30.39 soya bean experement at kabal koh vegetable research station ការពិសោធន៏សណ្តែកសៀងB30-39 នៅស្ថានីយ៏ពិសោធន៏ពូជបន្លែក្បាលកោះ
260 ## - PUBLICATION, DISTRIBUTION, ETC. (IMPRINT)
Place of publication, distribution, etc. Phnom Penh
Name of publisher, distributor, etc. RUA
Date of publication, distribution, etc. 1996
300 ## - PHYSICAL DESCRIPTION
Extent 64p.
Other physical details ill.
Dimensions 29cm.
942 ## - ADDED ENTRY ELEMENTS (KOHA)
Source of classification or shelving scheme
Koha item type AGR
Holdings
Price effective from Date last seen Permanent Location Not for loan Date acquired Date last checked out Source of classification or shelving scheme Koha item type Total Checkouts Barcode Lost status Damaged status Withdrawn status Current Location Full call number
2015-09-132016-08-01Library Block B 2015-09-132016-07-22 AGR1RUA004222   Library Block BAGR MEAS 1996 B016 Or.1
2015-09-132015-09-13Library Block B 2015-09-13  AGR RUA004432   Library Block BAGR MEAS 1996 B016 Or.2
2015-09-132015-09-13Library Block B 2015-09-13  AGR RUA004220   Library Block BAGR MEAS 1996 B016 Or.3
2015-09-132015-09-13Library Block B 2015-09-13  AGR RUA005197   Library Block BAGR MEAS 1996 B016 Or.4
2015-09-132015-09-13Library Block B 2015-09-13  AGR RUA005198   Library Block BAGR MEAS 1996 B016 Or.5
2015-09-132023-05-10Library Block B 2015-09-132023-04-26 AGR3RUA004366   Library Block BAGR MEAS 1996 B016 Or.6
មជ្ឈមណ្ឌលឯការនៃសាកលវិទ្យាល័យភូមិន្ទកសិកម្មចំការដូង

Powered by Koha